000 00313 a2200157 4500
001 170267
020 _a
040 _cMagnum
100 _aJose, Elias
240 1 0 _aAquarelas do brasil
_lpor
245 1 0 _aAquarelas do brasil
362 0 _a1899
440 1 _aMiguilim
697 _aIJ/POESIA
942 _cBK
999 _c170267
_d170267